Crimini e misfatti /

Guardado en:
Detalles Bibliográficos
Otros Autores: Allen, Woody, Aaron, Caroline, Farrow, Mia, Huston, Anjelica, Alda, Alan, Gleason, Joanna (attore), Orbach, Jerry (attore), Landau, Martin, Waterston, Sam
Formato: Deslizar
Lenguaje:italiano
Publicado: [Milano] : Corriere della sera, 2002
Colección:Grandi film ; 12
Etiquetas: Agregar Etiqueta
Sin Etiquetas, Sea el primero en etiquetar este registro!

MARC

LEADER 00000ngm a22000007i 4500
001 IT\ICCU\CAG\0106737
003 ItRI
005 20260124182808.0
008 021009s2002 it |||||||||||||||k|||||c
040 |b ita 
041 7 |a ita  |2 ISO-639-2 
130 0 |a Crimes and misdemeanors <film ; 1989>  |3 IT\ICCU\RAV\0950594 
245 0 0 |a Crimini e misfatti /  |c scritto e diretto da Woody Allen. 
246 1 3 |a Crimini e misfatti <videoregistrazione>  |9 IT\ICCU\RAV\0950592 
260 |a [Milano] :  |b Corriere della sera,  |c 2002 
300 |a 1 videocassetta VHS (104 min.) :  |b colore, son 
500 |a Tit. del contenitore 
500 |a Ripr. del film del 1989, prodotto da Robert Greenhut; interpreti Martin Landau, Mia Farrow, Anjelica Huston, Alan Alda, Clare Redom, Woody Allen, Jenny Nichols, Joanna Gleason, Alan Alda, Sam Waterson, Caroline Aaron, Jerry Orbach 
500 |a Supplemento al Corriere della sera. 
700 1 |a Allen, Woody  |0 IT\ICCU\CFIV\000724 
700 1 |a Aaron, Caroline  |0 IT\ICCU\MODV\162540 
700 1 |a Farrow, Mia  |0 IT\ICCU\RAVV\088815 
700 1 |a Huston, Anjelica  |0 IT\ICCU\RAVV\089342 
700 1 |a Alda, Alan  |0 IT\ICCU\RAVV\096855 
700 1 |a Gleason, Joanna  |c  (attore)  |0 IT\ICCU\RAVV\306387 
700 1 |a Orbach, Jerry  |c  (attore)  |0 IT\ICCU\RAVV\306388 
700 1 |a Landau, Martin  |0 IT\ICCU\SBLV\296143 
700 1 |a Waterston, Sam  |0 IT\ICCU\TO0V\395809 
790 1 |a Königsberg, Allen Stewart  |3 IT\ICCU\CFIV\121176  |z Allen, Woody 
790 1 |a Landau, James Martin  |3 IT\ICCU\SBNV\051343  |z Landau, Martin 
830 0 |a Grandi film ;  |v 12  |0 IT\ICCU\TO0\1113459 
942 |2 ddc  |c VM  |n 0 
952 |0 0  |1 0  |4 0  |6 VO_1093_000000000000000  |7 0  |9 26408  |a BO  |b BO  |d 2026-01-24  |i 8791  |l 0  |o VO 1093  |p BO8791  |r 2026-01-24 18:28:08  |w 2026-01-24  |x [Sebina 5] [1 videocassetta]  |y VM  |z 1 videocassetta 
999 |c 22320  |d 22320